000 00276nam a2200121 i 4500
001 bg
245 0 _aTechnologia diod i tranzystorów krzemowych.
260 _aWarszawa,
_c1966.
040 _cBPK
041 _apol
942 _cKS
008 s pl f |000 0 pol
999 _c17796
_d17796
856 _uhttp://koha.tu.koszalin.pl/cgi-bin/koha/opac-detail.pl?biblionumber=17796
_yKatalog online BPK